Medieval weapons by picture - Statistics

General Stats
  • This quiz has been taken 669 times
    649 since last reset
  • The average score is 8 of 14
Answer Stats
Picture Answer % Correct
Crossbow
96%
Longbow
89%
Mace
89%
Sword
85%
Dagger
84%
Spear
76%
Lance
68%
Rapier
65%
Scimitar
65%
Flail
58%
Battleaxe
38%
Battle Hammer
20%
Compound Bow
10%
Mattock
4%
No matching quizzes found
Score Distribution
Percent of People with Each Score
Percentile by Number Answered
Your Score History
You have not taken this quiz since the last reset